| 000 | 00619cam a22002054a 4500 | ||
|---|---|---|---|
| 001 | 207219 | ||
| 005 | 20260318152711.0 | ||
| 008 | 990402s2000 maua b 001 0 eng | ||
| 020 |
_a0395962315 _qpbk. |
||
| 020 |
_a9780395962312 _q(pbk.) |
||
| 050 | 0 | 0 |
_aHD31 _b.G7625 2000 |
| 082 | 0 | 0 |
_a658 _221 |
| 100 | 1 | _aGriffin, Ricky W. | |
| 245 | 1 | 0 |
_aFundamentals of management : _bcore concepts and applications / _cGriffin, Ricky W. |
| 250 | _a2nd ed. | ||
| 260 |
_aBoston, Mass. : _bHoughton Mifflin, _c2000. |
||
| 300 |
_axv, 480 p. : _bill. (some col.) ; _c26 cm. |
||
| 650 | 0 | _aManagement. | |
| 942 |
_2lcc _cBK _e2nd ed. _n0 |
||
| 999 |
_c9101 _d9101 |
||